Online katalóg knižníc regiónu Turca

Môj rozprávkový svet (Record no. 21960)

MARC details
000 -LEADER
fixed length control field 01559cam a2200433 a 4500
001 - CONTROL NUMBER
control field 21960
003 - CONTROL NUMBER IDENTIFIER
control field VRT
005 - DATE AND TIME OF LATEST TRANSACTION
control field 20260316114735.0
008 - FIXED-LENGTH DATA ELEMENTS--GENERAL INFORMATION
fixed length control field 240702s1997 xo a br 000 j slo
015 ## - NATIONAL BIBLIOGRAPHY NUMBER
National bibliography number SNBA1998/05-01655
020 ## - INTERNATIONAL STANDARD BOOK NUMBER
International Standard Book Number 8071464767
Qualifying information (viaz.)
035 ## - SYSTEM CONTROL NUMBER
System control number SNK000270427
035 ## - SYSTEM CONTROL NUMBER
System control number urn:nbn:sk:snk-amtjeb
035 ## - SYSTEM CONTROL NUMBER
System control number urn:nbn:sk:snk-am00c8ck
035 ## - SYSTEM CONTROL NUMBER
System control number F1C88343-2B3D-42F1-B9A2-77CA66751CF3
039 #9 - LEVEL OF BIBLIOGRAPHIC CONTROL AND CODING DETAIL [OBSOLETE]
Level of rules in bibliographic description 202412041228
Level of effort used to assign nonsubject heading access points msnk123
Level of effort used to assign subject headings 202407101214
Level of effort used to assign classification csnk01
Level of effort used to assign subject headings 202407101214
Level of effort used to assign classification csnk01
Level of effort used to assign subject headings 202407021405
Level of effort used to assign classification VLOAD
040 ## - CATALOGING SOURCE
Original cataloging agency SNK
Language of cataloging slo
Transcribing agency SNK
Description conventions AACR2
041 1# - LANGUAGE CODE
Language code of text/sound track or separate title slo
Language code of original und
044 ## - COUNTRY OF PUBLISHING/PRODUCING ENTITY CODE
MARC country code xo
ISO country code SK
072 #7 - SUBJECT CATEGORY CODE
Subject category code 821-93
Subject category code subdivision Literatúra pre deti a mládež (beletria)
Source konspekt
080 ## - UNIVERSAL DECIMAL CLASSIFICATION NUMBER
Universal Decimal Classification number 820/899 (100)-3(087.5)
Edition identifier 1981
245 00 - TITLE STATEMENT
Title Môj rozprávkový svet
Statement of responsibility, etc. preložila Mária Čierna
250 ## - EDITION STATEMENT
Edition statement Slovenské vydanie
260 ## - PUBLICATION, DISTRIBUTION, ETC.
Place of publication, distribution, etc. Bratislava
Name of publisher, distributor, etc. Junior
Date of publication, distribution, etc. 1997
300 ## - PHYSICAL DESCRIPTION
Extent 163 s.
Other physical details fareb. ilustr.
Dimensions 29 cm
500 ## - GENERAL NOTE
General note Obalový názov
655 #7 - INDEX TERM--GENRE/FORM
Genre/form data or focus term rozprávky
Source of term SNKPH
655 #7 - INDEX TERM--GENRE/FORM
Genre/form data or focus term literatúra pre deti
Source of term SNKPH
700 1# - ADDED ENTRY--PERSONAL NAME
Personal name Čierna, Mária,
Dates associated with a name 1940-
Relationship trl
942 ## - ADDED ENTRY ELEMENTS (KOHA)
Source of classification or shelving scheme Dewey Decimal Classification
Koha item type Krásna literatúra pre deti
Suppress in OPAC No
949 ## - LOCAL PROCESSING INFORMATION (OCLC)
6 2889360430
a savukPV 340
949 ## - LOCAL PROCESSING INFORMATION (OCLC)
6 270001000002698
a svkbbC 39873
p 614.799
949 ## - LOCAL PROCESSING INFORMATION (OCLC)
6 17A0118567
9 P60, <03>, [BOOK], {603}
a snkSB 58215
b snkKSP 940/98
s 6100:20160606
949 ## - LOCAL PROCESSING INFORMATION (OCLC)
6 17A0118566
9 P60, <04>, [BOOK], {604}
a snkSB 58215 D1
b snkKSP 941/98
949 ## - LOCAL PROCESSING INFORMATION (OCLC)
6 4710705769
a strmkM
b strmk2008/5769
949 ## - LOCAL PROCESSING INFORMATION (OCLC)
6 273K0110274
a svkpoC 33294
b svkpo428279
Holdings
Stav vyradenia Strata Poškodenie Spôsob nadobudnutia Domovská knižnica Aktuálna knižnica Dátum nadobudnutia Total checkouts Čiarový kód exemplára Date last seen Typ exemplára
      Dar Obecná knižnica Turčianska Štiavnička Obecná knižnica Turčianska Štiavnička 16.03.2026   4738000403 16.03.2026 Krásna literatúra pre deti
Projekt je podporený Slovenskou asociáciou knižníc
Prevádzkuje Turčianska knižnica Martin 2026